000 00594nam a2200205Ia 4500
003 GCL
008 140319s9999 xx 000 0 ara d
040 _aGCL /
_cGCL
082 0 4 _aط
_b001.2
_bم ك
100 1 _aرفيق مطلق
245 1 0 _aكتب الفراشة : الشمس /
_cرفيق مطلق
250 _aالاولى
260 _aبيروت :
_bمكتبة لبنان ،
_c1987
300 _a31 ص ؛
_c24 سم
490 _aكتب الفراشة
_v17
650 0 4 _aكتب الاطفال
650 0 4 _aالمعارف العامة
650 0 4 _aالشمس
942 _2ddc
_cBK
999 _c32204
_d32204